U.S. standards for jumbo type farmers' stock peanuts.

Bibliographic Details
Corporate Author: United States. Bureau of Agricultural Economics
Format: Government Document eBook
Language:English
Published: Washington : [publisher not identified], 1928.
Subjects:
Online Access:Connect to the full text of this electronic document

MARC

Tag First Indicator Second Indicator Subfields
LEADER 00000cam a22000001a 4500
001 in00003791069
005 20190408184900.0
006 m o d f
007 cr bn mmmapmmp
008 040322s1928 dcu o f000 0 eng d
035 |a ebd1910512747 
040 |a UMI  |c UMI  |d UtOrBLW 
086 0 |a A 36.35:P 314/928 
099 |a A36.35-1.43 
245 0 0 |a U.S. standards for jumbo type farmers' stock peanuts. 
264 1 |a Washington :  |b [publisher not identified],  |c 1928. 
300 |a 1 online resource (2 pages) 
336 |a text  |b txt  |2 rdacontent 
337 |a computer  |b c  |2 rdamedia 
338 |a online resource  |b cr  |2 rdacarrier 
500 |a Record is based on bibliographic data in ProQuest U.S. Executive Branch Documents, 1910-1932. Reuse except for individual research requires license from ProQuest, LLC. 
533 |a Electronic reproduction.  |b [Bethesda, Md.] :  |c ProQuest,  |d 2012.  |e digital, PDF file.  |n ProQuest U.S. Executive Branch Documents, 1910-1932.  |n Mode of access: World Wide Web via ProQuest website. 
538 |a System requirements: PDF reader software. 
500 |a Electronic resource. 
650 0 |a Peanuts.  |0 http://id.loc.gov/authorities/subjects/sh85099000 
655 7 |a Electronic books.  |2 local 
710 1 |a United States.  |b Bureau of Agricultural Economics.  |0 http://id.loc.gov/authorities/names/n80060900 
776 1 8 |i Microfiche version:  |t U.S. standards for jumbo type farmers' stock peanuts  |o CIS US Exec MF A36.35-1.43  |w (ProQuest)cis19157546 
856 4 0 |u http://proxy.library.tamu.edu/login?url=http://congressional.proquest.com/congressional/docview/t66.d71.a36.35-1.43  |z Connect to the full text of this electronic document  |t 0 
999 f f |s f857c91d-c227-3c41-bb4d-e5aafe8073b8  |i e2b10d01-f46c-3943-9789-1d82ec2dfa85  |t 0 
952 f f |a Texas A&M University  |b College Station  |c Electronic Resources  |d Available Online  |t 0  |h No information provided 
998 f f |t 0  |l Available Online